00580nam a22001457a 4500082002600000100002300026245014200049260004300191300002400234526003700258650001300295942001200308999001900320952009500339 a681.2bPULcL-24, P-9 aErnest Pull945078 a Modern engineering measuring toolsbA handbook on measuring and precision tools as used in the modern tool-room and engineering workshop aLondonbThe technical press ltd.c1918 aviii, 115 p.billus a0b0c0d681_200000000000000_PUL aMCE9379 2ddccBK c548678d548678 00102ddc4070aMCEbMCEd2014-09-04l0o681.2 PULpMCE-40780r2014-09-04w2014-09-04yBK